000 01339cam a2200373 i 4500
001 2763
003 FISKH
005 20240112135342.0
008 141106s2015 nyu d 000 1 eng
010 _a 2014041047
020 _a9780062327185 (hardcover)
020 _a9780062934673
040 _aDLC
_beng
_cDLC
_erda
_dDLC
042 _alcac
_apcc
050 0 0 _aPZ7.M95352
_bDum 2015
082 0 0 _a[Fic]
_223
100 1 _aMurphy, Julie,
_d1985-
245 1 0 _aDumplin' /
_cJulie Murphy.
250 _aFirst paperback edition 2017
260 _aNew York :
_bHarper Collins,
_c2015
300 _a375, 15 pages ;
_c20 cm
336 _atext
_2rdacontent
337 _aunmediated
_2rdamedia
338 _avolume
_2rdacarrier
520 _aSixteen-year-old Willowdean wants to prove to everyone in her small Texas town that she is more than just a fat girl, so, while grappling with her feelings for a co-worker who is clearly attracted to her, Will and some other misfits prepare to compete in the beauty pageant her mother runs.
650 1 _aOverweight persons
_vFiction.
650 1 _aBeauty contests
_vFiction.
650 1 _aDating
_vFiction.
650 1 _aFriendship
_vFiction.
650 1 _aSelf-esteem
_vFiction.
651 1 _aTexas
_vFiction.
906 _a7
_bcbc
_corignew
_d1
_eecip
_f20
_gy-gencatlg
942 _2ddc
_cBK
_n0
999 _c2763
_d2763